Vnútorné lekárstvo

Bibliographic Details
Main Author: Pacovský, Vladimír (Author)
Other Authors: Beláková, Anna (Translator), Hlavňová, Katarína, 1953- (nob)
Format: Book
Language:Slovak
Published: Martin Osveta 1993
Edition:1. vyd.
Series:Učebnice pre stredné zdravotnícke školy
Subjects:

MARC

LEADER 00000nam a2200000 a 4500
001 vtls001071526
003 SK-MaSNL
005 20260301140908.0
008 250414s1993 xo 0 slo
015 |a SNBA1993/05 
020 |a 8021705485 
035 |a SNK000014357 
040 |a SNK  |b slo  |c SNK  |e AACR2 
041 0 |a slo 
044 |a xo  |c SK 
080 |a 616-07(075.3)  |2 1981 
100 1 |a Pacovský, Vladimír  |4 aut  |9 285640 
245 1 0 |a Vnútorné lekárstvo  |c Vladimír Pacovský ; Prekl. Anna Beláková ; Aut. obál. Katarína Hlavňová 
250 |a 1. vyd. 
260 |a Martin  |b Osveta  |c 1993  |e Banská Bystrica  |f Tlačiarne BB, spol. s r.o. 
300 |a 352 s.  |b Fotogr., reg., sch., tab.  |c 21 cm 
490 0 |a Učebnice pre stredné zdravotnícke školy 
500 |a Schválené Minist. zdravot. SR 
655 7 |a učebnice  |2 SNK  |9 22521 
700 1 |a Beláková, Anna  |4 trl  |9 6077 
700 1 |a Hlavňová, Katarína,  |d 1953-  |4 nob  |9 9867 
852 |a Slovenská národná knižnica 
919 |a 80-217-0548-5 
954 |a medicína interná 
958 |a TL 
958 |a UC 
958 |a OP 
958 |a CZ 
958 |a NS 
968 |b ČES  |d Z čes. orig. 
999 |c 765367  |d 767297 
952 |t P60, <04>, [BOOK], {604}  |a SNK  |b SNK  |y VYP  |7 0  |p 17A0106930  |o snkSC 83749 D1  |0 0  |1 0  |4 0  |d 1997-11-05  |l 0  |r 2004-12-31 00:00:00  |w 2026-02-24 
952 |a SNK  |b SNK  |y PREZ  |7 0  |p 17A1009704  |o snkSC 83749   |0 0  |1 0  |4 0  |d 2012-08-17  |l 0  |r 2025-08-21 00:00:00  |w 2026-02-24